01221 a2200229 4500003000500000005001700005010001600022020002800038020003200066040000900098082001800107100002200125245008500147260003600232300003400268440004400302505046300346650003600809650003900845650003400884856007300918Nust20220817124716.0 a 99045837 a1580530125 (alk. paper) a1580532012 (electronic bk.) cNust00a621.38212,MUL1 aMuller, Nathan J.10aIP convergence :bthe next revolution in telecommunications /cNathan J. Muller. aBoston :bArtech House,cc2000. axix, 477 p. :bill. ;c24 cm. 0aArtech House telecommunications library aThe Once and Future Protocol I (Page-1), The Concept and Ramifications of IP Telephony (Page-49),Value-added Application: The Internet Call Center (Page-93), Infrastructure for Voice Data Convergence (Page-143), Voice Data Convergence in the Home and on the Road (Page-199), Next generation Networks (Page-243), Third Generation Wireless Networks (Page-279), Convergence via Multiservice Internetworking (Page-319), Current Regulatory Environment (Page-351), 0aConvergence (Telecommunication) 0aTCP/IP (Computer network protocol) 0aTelecommunication engineering41uhttp://www.netLibrary.com/urlapi.asp?action=summary&v=1&bookid=40323